Normal view
MARC view
- التربية و التعليم -- مقالات، محاضرات-علم نفس تربوي
Entry Topical Term
001 - CONTROL NUMBER
- control field: 17831
003 - CONTROL NUMBER IDENTIFIER
- control field: JO-AjAnu
005 - DATE AND TIME OF LATEST TRANSACTION
- control field: 20230606073137.0
008 - FIXED-LENGTH DATA ELEMENTS
- fixed length control field: 230606|| aca||aabn | a|a d
040 ## - CATALOGING SOURCE
- Original cataloging agency: JO-AjAnu
- Transcribing agency: JO-AjAnu
150 ## - HEADING--TOPICAL TERM
- Topical term or geographic name entry element: التربية و التعليم -- مقالات، محاضرات-علم نفس تربوي
670 ## - SOURCE DATA FOUND
- Source citation: Work cat.: (JO-AjAnu)9158: تايف مشارقه،محمد زهير /م.مشارك ناصر،يوسف /م.مشارك كبه،جوزيف عبود, author 17830, مواضيع في التربية وعلم النفس لشهادة اهلية التعليم الابتدائي